| 000 | 00691nam a22002297a 4500 | ||
|---|---|---|---|
| 999 |
_c13810 _d13810 |
||
| 003 | AR-CdUCM | ||
| 008 | 190416b ||||| |||| 00| 0 spa d | ||
| 040 |
_aMUNICIPALIDAD PROVINCIAL DEL CUSCO _cBIBLIOTECA MUNICIPAL DEL CUSCO |
||
| 082 |
_a869.56 / _bC57 |
||
| 100 |
_aChoy, Anthony _932368 |
||
| 245 |
_aPureza de fuego : _bPoesía 1981-1985 / |
||
| 260 |
_aPerú : _bCONCYTEC, _c1989. |
||
| 300 |
_a100 páginas ; _c20 cm. |
||
| 440 |
_aColecciones del ojo de agua. _932369 |
||
| 505 | _aContenido: Poemas. | ||
| 650 |
_aLiteratura Peruana _9132 |
||
| 650 |
_aPoemas _9929 |
||
| 650 |
_aSiglo XX _98 |
||
| 710 |
_aCONCYTEC. _92809 |
||
| 942 |
_2ddc _cLIBROS |
||
| 945 |
_aachl _d2019-04-16 |
||